Good Governance : Issues And Challenges / (Record no. 27160)
[ view plain ]
| 000 -LEADER | |
|---|---|
| fixed length control field | 01057nam a22002777a 4500 |
| 001 - CONTROL NUMBER | |
| control field | 0000003881 |
| 003 - CONTROL NUMBER IDENTIFIER | |
| control field | PPM |
| 005 - DATE AND TIME OF LATEST TRANSACTION | |
| control field | 20260304092634.0 |
| 008 - FIXED-LENGTH DATA ELEMENTS--GENERAL INFORMATION | |
| fixed length control field | 260304b ||||| |||| 00| 0 eng d |
| 020 ## - INTERNATIONAL STANDARD BOOK NUMBER | |
| International Standard Book Number | 9679933776 |
| Terms of availability | RM 40.00 |
| Qualifying information | Paperback |
| 035 ## - SYSTEM CONTROL NUMBER | |
| System control number | 0000003881 |
| 040 ## - CATALOGING SOURCE | |
| Language of cataloging | Eng |
| Transcribing agency | Pusat Penyelidikan Mineral, Jabatan Mineral Dan Geosains Malaysia |
| Modifying agency | PPM |
| Description conventions | rda |
| 082 04 - DEWEY DECIMAL CLASSIFICATION NUMBER | |
| Edition number | 22 |
| Classification number | 320.9595 |
| Item number | GOO 2000 |
| 245 00 - TITLE STATEMENT | |
| Title | Good Governance : Issues And Challenges / |
| Statement of responsibility, etc. | edited by Samsudin Osman, Zulkurnain Awang, Sarojini Naidu |
| 260 #1 - PUBLICATION, DISTRIBUTION, ETC. | |
| Place of publication, distribution, etc. | Kuala Lumpur : |
| Name of publisher, distributor, etc. | National Institute of Public Administration (INTAN) , |
| Date of publication, distribution, etc. | 2000 |
| 300 00 - PHYSICAL DESCRIPTION | |
| Extent | xxi, 286p.: |
| Other physical details | illustrations .; |
| Dimensions | 23 cm |
| 504 ## - BIBLIOGRAPHY, ETC. NOTE | |
| Bibliography, etc. note | Includes bibliographical references (p.: 286 ) |
| 650 10 - SUBJECT ADDED ENTRY--TOPICAL TERM | |
| Topical term or geographic name entry element | Local government |
| Geographic subdivision | Malaysia |
| 650 20 - SUBJECT ADDED ENTRY--TOPICAL TERM | |
| Topical term or geographic name entry element | Public administration |
| Geographic subdivision | Malaysia |
| 650 20 - SUBJECT ADDED ENTRY--TOPICAL TERM | |
| Topical term or geographic name entry element | Civil society |
| Geographic subdivision | Malaysia |
| 651 #0 - SUBJECT ADDED ENTRY--GEOGRAPHIC NAME | |
| Geographic name | Malaysia |
| General subdivision | Politics and government |
| 700 1# - ADDED ENTRY--PERSONAL NAME | |
| Personal name | Samsudin Osman |
| Relator term | editor |
| 700 1# - ADDED ENTRY--PERSONAL NAME | |
| Personal name | Zulkurnain Hj. Awang, |
| Dates associated with a name | 1950- |
| Relator term | editor |
| 700 1# - ADDED ENTRY--PERSONAL NAME | |
| Personal name | Sarojini Naidu |
| Relator term | editor |
| 942 ## - ADDED ENTRY ELEMENTS (KOHA) | |
| Source of classification or shelving scheme | |
| Koha item type | Books |
| Withdrawn status | Lost status | Source of classification or shelving scheme | Damaged status | Not for loan | Collection code | Permanent Location | Current Location | Shelving location | Date acquired | Cost, normal purchase price | Total Checkouts | Full call number | Date last seen | Price effective from | Koha item type |
|---|---|---|---|---|---|---|---|---|---|---|---|---|---|---|---|
| Available | Open Shelf | PPM | PPM | Open Shelf | 04/03/2026 | 40.00 | 320.9595 GOO 2000 | 04/03/2026 | 04/03/2026 | Books |